000 01739nam a2200181Ia 4500
999 _c8143
_d8143
005 20230516110838.0
008 230508s9999 xx 000 0 und d
040 _aUPAN
_cBiblioteca San Vicente
_eRCAA2
041 _aspa
082 _a342.728 4
_bI578c
110 _aInstituto de estudios Juridicos de el salvador
245 0 _aConstitucion de la republica de El Salvador/
_bInstituto de estudios Juridicos de el salvador
260 _aEl Salvador:
_bGuayampopo,
_c1993
300 _a154 p.:
_c21 cm.
505 _aTitulo I. Capitulo unico. La persona humana y los fines del Estado Titulo II. Los Derechos y garantias fundamentales de la persona Capitulo I. Derechos individuales y su regimen de excepciòn Capitulo II. Derechos sociales Capitulo III. Los ciudadanos, sus derechos y deberes politicos y el cuerpo electoral Titulo III. El Estado su forma de Gobierno y sistema politico Titulo IV. La nacionalidad Titulo V. Orden economico Titulo VI. Organos del Gobierno, atribuciones y competencias Capitulo I. Organo legislativo Capitulo II. Organo ejecutivo Capitulo III. Organo judicial Capitulo IV. Ministerio pùblico Capitulo V. Corte de Cuentas de la Republica Capitulo VI. Gobierno local Capitulo VII. Tribunal Supremo Electoral Capitulo VIII. Fuerza armada Titulo VII. Regimen administrativo Capitulo I. Servicio civil Capitulo II. Hacienda pùblica Titulo VIII. Responsabilidad de los funcionarios pùblicos Titulo IX. Alcances, aplicacion, reformas y derogatorias Titulo X. Disposiciones transitorias Titulo XI. Vigencia Anexos Texto de las disposiciones de la Constituciòn de 1983 Texto de las disposiciones de la Constituciòn de 1983
650 _2LEMB
_aConstituciones de Estado
942 _cBK
_2ddc